[Event "1st Bristol NY Open Tournament"]
[Site "Bristol Bridge & Clifton Chess"]
[Date "2024.12.28"]
[Round "3.14"]
[White "Bergsson, Stefan"]
[Black "Saha, Soumil"]
[Result "1-0"]
[WhiteElo "2164"]
[BlackElo "1577"]
[PlyCount "63"]
[GameId "2137893801410753"]
[EventDate "2024.12.27"]
[SourceTitle "Bristol_NY24_Fide_Open"]
[Source "David Tipper"]
[SourceDate "2025.02.16"]
[SourceVersion "1"]
[SourceVersionDate "2025.02.16"]
[SourceQuality "2"]

1. e4 d6 2. Nc3 Nf6 3. f4 g6 4. Nf3 Bg7 5. d4 b6 6. Bb5+ c6 7. Bd3 a5 8. O-O O-O 9. Qe2 Nh5 10. Be3 c5 11. d5 Re8 12. Rad1 Na6 13. Bb5 Rf8 14. Qf2 Nc7 15. Bc6 Rb8 16. Rfe1 Nf6 17. h3 Nfe8 18. e5 Na6 19. Ne4 Bf5 20. Ng3 Bc8 21. c3 b5 22. Bc1 a4 23. Qe2 Nec7 24. f5 Rb6 25. fxg6 fxg6 26. Bg5 h6 27. exd6 hxg5 28. dxe7 Qd6 29. exf8=Q+ Kxf8 30. Qe8+ Nxe8 31. Rxe8+ Kf7 32. Nxg5+ 1-0

[Event "1st Bristol NY Open Tournament"]
[Site "Bristol Bridge & Clifton Chess"]
[Date "2024.12.28"]
[Round "3.15"]
[White "Plotnikov, Dmytro"]
[Black "Kothari, Jai"]
[Result "0-1"]
[WhiteElo "1712"]
[BlackElo "1964"]
[PlyCount "77"]
[GameId "2137895595303199"]
[EventDate "2024.12.27"]
[SourceTitle "Bristol_NY24_Fide_Open"]
[Source "David Tipper"]
[SourceDate "2025.02.16"]
[SourceVersion "1"]
[SourceVersionDate "2025.02.16"]
[SourceQuality "2"]

1. d4 Nf6 2. Nf3 c5 3. d5 b5 4. a4 Bb7 5. axb5 Bxd5 6. e3 g6 7. Bd2 Bg7 8. Ba5 Qc8 9. c4 Bb7 10. Nc3 O-O 11. Be2 a6 12. O-O d6 13. Qc2 Nbd7 14. Rfd1 Ra7 15. e4 axb5 16. Nxb5 Ra6 17. Bd3 Bc6 18. Ra3 Qb7 19. Rc1 Rfa8 20. Bc3 Nb6 21. Rxa6 Rxa6 22. b3 Ra8 23. Nd2 Nc8 24. f3 Bxb5 25. cxb5 Na7 26. Ra1 Rb8 27. e5 Nd5 28. Be4 Nxb5 29. Bb2 e6 30. exd6 Nd4 31. Qd3 Qd7 32. Nc4 h6 33. Ra3 f5 34. Bxd5 exd5 35. Nd2 Qxd6 36. Ra6 Qe7 37. Rxg6 Qe1+ 38. Qf1 Qxd2 39. Bc1 0-1

[Event "1st Bristol NY Open Tournament"]
[Site "Bristol Bridge & Clifton Chess"]
[Date "2024.12.28"]
[Round "3.16"]
[White "Mussa, Rayyan"]
[Black "Ward, Andy"]
[Result "1/2-1/2"]
[WhiteElo "1615"]
[BlackElo "1890"]
[PlyCount "75"]
[GameId "2137897139159497"]
[EventDate "2024.12.27"]
[SourceTitle "Bristol_NY24_Fide_Open"]
[Source "David Tipper"]
[SourceDate "2025.02.16"]
[SourceVersion "1"]
[SourceVersionDate "2025.02.16"]
[SourceQuality "2"]

1. e4 e5 2. Nf3 Nc6 3. Bc4 Nf6 4. d3 h6 5. O-O d6 6. c3 g5 7. Re1 a6 8. Bb3 Bg7 9. Nbd2 O-O 10. Nf1 d5 11. exd5 Nxd5 12. Ng3 Nf4 13. Bc2 g4 14. Nd2 Nxd3 15. Re3 Nxc1 16. Rxc1 f5 17. Rd3 Qg5 18. Qe2 Be6 19. f3 Bc4 20. Bb3 Bxb3 21. Nxb3 gxf3 22. Rxf3 e4 23. Rff1 Ne5 24. Nc5 Qe7 25. Nxb7 Rab8 26. Nxf5 Rxf5 27. Rxf5 Rxb7 28. Qxe4 Rxb2 29. Qa8+ Kh7 30. Qe4 Ng6 31. Qxe7 Nxe7 32. Ra5 Rb6 33. Rd1 Rc6 34. Rd7 Ng6 35. Rf5 Kg8 36. Rff7 Bxc3 37. Rxc7 Bd4+ 38. Kf1 1/2-1/2

[Event "1st Bristol NY Open Tournament"]
[Site "Bristol Bridge & Clifton Chess"]
[Date "2024.12.28"]
[Round "3.18"]
[White "Skalski, Sebastian"]
[Black "Sun, Lydia"]
[Result "1-0"]
[WhiteElo "1858"]
[BlackElo "1268"]
[PlyCount "81"]
[GameId "2137899740512810"]
[EventDate "2024.12.27"]
[SourceTitle "Bristol_NY24_Fide_Open"]
[Source "David Tipper"]
[SourceDate "2025.02.16"]
[SourceVersion "1"]
[SourceVersionDate "2025.02.16"]
[SourceQuality "2"]

{[%evp 0,81,17,22,-4,17,26,0,10,-3,6,12,12,22,22,40,27,1,1,17,53,0,-24,-79,-90,-70,-92,-86,-99,-100,-103,-139,-124,-136,-199,-249,-247,-361,-250,-86,-123,-222,52,130,146,237,148,201,162,135,169,154,169,184,249,155,282,170,185,183,191,159,86,93,223,153,228,61,230,197,429,133,439,337,372,414,527,586,542,467,29995,29996,29997,29998]} 1. e4 e5 2. Nf3 Nc6 3. Bc4 Nf6 4. Ng5 d5 5. exd5 Na5 6. Bb5+ Bd7 7. Qe2 Be7 8. Bxd7+ Qxd7 9. c4 h6 10. Nf3 e4 11. Ne5 Qf5 12. d4 exd3 13. Nxd3 Nxc4 14. O-O Nxd5 15. b3 Nd6 16. Bb2 O-O 17. f4 Bf6 18. Ne5 Rfe8 19. Qd2 Qe4 20. Re1 Qxf4 21. Qxd5 Re6 22. Nd2 Rae8 23. Ndf3 c6 24. Qd4 Qf5 25. g4 Qc2 26. Rac1 c5 27. Qf2 Qh7 28. Qc2 b6 29. Qxh7+ Kxh7 30. Nd3 Bxb2 31. Nxb2 Kg6 32. Rxe6+ Rxe6 33. Re1 Rf6 34. Nd3 h5 35. g5 Rf5 36. Nh4+ Kxg5 37. Nxf5 Kxf5 38. Re5+ Kg4 39. Kg2 g6 40. h3+ Kh4 41. Ne1 1-0

[Event "1st Bristol NY Open Tournament"]
[Site "Bristol Bridge & Clifton Chess"]
[Date "2024.12.28"]
[Round "3.19"]
[White "Soleimani, Avina"]
[Black "Jones, Timothy M"]
[Result "1/2-1/2"]
[WhiteElo "1508"]
[BlackElo "1828"]
[PlyCount "62"]
[GameId "2137901371331189"]
[EventDate "2024.12.27"]
[SourceTitle "Bristol_NY24_Fide_Open"]
[Source "David Tipper"]
[SourceDate "2025.02.16"]
[SourceVersion "1"]
[SourceVersionDate "2025.02.16"]
[SourceQuality "2"]

1. c4 c6 2. g3 d5 3. cxd5 cxd5 4. Bg2 Nf6 5. e3 e6 6. Ne2 Bd6 7. Nbc3 Bd7 8. O-O O-O 9. b3 a6 10. Bb2 Nc6 11. Rc1 Rc8 12. d4 Ne7 13. Qd3 Nf5 14. Rfd1 Qe7 15. Bh3 g6 16. Bxf5 gxf5 17. Qd2 Ne4 18. Nxe4 fxe4 19. Nc3 f5 20. Qe2 Qg5 21. Na4 Rxc1 22. Rxc1 Be8 23. Nc5 Qe7 24. Qf1 Rf6 25. Qh3 Bb5 26. Qh4 Bc6 27. Qg5+ Kh8 28. Ba3 Qf8 29. Nxb7 Rg6 30. Qd8 Bxa3 31. Qxf8+ Bxf8 1/2-1/2

[Event "1st Bristol NY Open Tournament"]
[Site "Bristol Bridge & Clifton Chess"]
[Date "2024.12.28"]
[Round "3.20"]
[White "Walker, Elmira"]
[Black "Mussa, Adam"]
[Result "0-1"]
[WhiteElo "1762"]
[BlackElo "1259"]
[PlyCount "136"]
[GameId "2137902889907037"]
[EventDate "2024.12.27"]
[SourceTitle "Bristol_NY24_Fide_Open"]
[Source "David Tipper"]
[SourceDate "2025.02.16"]
[SourceVersion "1"]
[SourceVersionDate "2025.02.16"]
[SourceQuality "2"]

1. e4 e6 2. d4 d5 3. e5 c5 4. Nf3 Nc6 5. c3 Bd7 6. Bd3 cxd4 7. cxd4 Nge7 8. Nc3 Nf5 9. Be2 Qb6 10. Na4 Qa5+ 11. Kf1 Ncxd4 12. Nxd4 Nxd4 13. Qxd4 Qxa4 14. Be3 Rc8 15. Qxa7 Qc6 16. Bd3 Be7 17. Ke2 O-O 18. Rhc1 Qa4 19. Qxb7 f6 20. b3 Qg4+ 21. Kf1 Rcd8 22. h3 Qh4 23. Rc7 Bc8 24. Rxc8 Rxc8 25. Qxe7 Rce8 26. Qd6 Kh8 27. a3 Rd8 28. Qxe6 fxe5 29. g3 Qxg3 30. Bf5 Qh2 31. Rd1 d4 32. Bg5 d3 33. Qc6 Rxf5 34. Be3 Qxh3+ 35. Ke1 Rf6 36. Rxd3 Rff8 37. Qc5 e4 38. Rd4 Rc8 39. Qb4 Rf3 40. Rxe4 Qh1+ 41. Ke2 h6 42. Rc4 Rd8 43. Rd4 Re8 44. Re4 Rxe4 45. Qxe4 Rxf2+ 46. Kd3 Qxe4+ 47. Kxe4 Ra2 48. Bc5 Kh7 49. a4 Kg6 50. Bd4 Ra3 51. b4 Rxa4 52. b5 Rb4 53. b6 Kg5 54. Ke3 h5 55. Kd3 h4 56. Kc3 Rb1 57. Kc4 h3 58. Kc5 Rxb6 59. Kxb6 h2 60. Bxg7 h1=Q 61. Bd4 Qc1 62. Bc5 Kf6 63. Kb5 Ke6 64. Bb4 Kd5 65. Ka4 Kc4 66. Bf8 Qc3 67. Be7 Qb3+ 68. Ka5 Qb5# 0-1

[Event "1st Bristol NY Open Tournament"]
[Site "Bristol Bridge & Clifton Chess"]
[Date "2024.12.28"]
[Round "3.21"]
[White "Griffiths, Hayden"]
[Black "Northam, Lawrence"]
[Result "0-1"]
[WhiteElo "1767"]
[BlackElo "1567"]
[PlyCount "116"]
[GameId "2137923700803340"]
[EventDate "2024.12.27"]
[SourceTitle "Bristol_NY24_Fide_Open"]
[Source "David Tipper"]
[SourceDate "2025.02.16"]
[SourceVersion "1"]
[SourceVersionDate "2025.02.16"]
[SourceQuality "2"]

1. e4 e6 2. c4 d5 3. cxd5 exd5 4. exd5 Nf6 5. Bc4 Nxd5 6. Qb3 Qe7+ 7. Ne2 Nb6 8. Nbc3 Nxc4 9. Qxc4 Be6 10. Qb5+ c6 11. Qh5 Nd7 12. O-O g6 13. Qf3 Bg7 14. d4 O-O 15. Bf4 Nb6 16. Rad1 Qb4 17. Bc1 Rad8 18. a3 Qc4 19. Be3 Qb3 20. Bc1 Nc4 21. Ne4 Qxf3 22. gxf3 Bd5 23. Be3 f5 24. Nd2 Nxd2 25. Rxd2 Bxf3 26. Nf4 Rfe8 27. d5 cxd5 28. Bxa7 Re4 29. Be3 d4 30. Rd3 g5 31. Bc1 g4 32. Rb3 Rd7 33. Rd3 Kf7 34. Rb3 Ke7 35. Nd3 Rc7 36. Bg5+ Kd7 37. Re1 Rxe1+ 38. Nxe1 Ke6 39. Nxf3 gxf3 40. Rxf3 Rd7 41. Rd3 Kd5 42. f3 Kc4 43. Rd2 d3 44. Kf2 Rd6 45. Be3 Kb3 46. Bf4 Rd5 47. Be3 Bxb2 48. a4 Bc3 49. Rd1 Kxa4 50. Bb6 Kb3 51. Be3 b5 52. Rb1+ Kc2 53. Rc1+ Kb2 54. Rd1 d2 55. Ke2 b4 56. Bxd2 Rxd2+ 57. Rxd2+ Bxd2 58. Kxd2 b3 0-1

[Event "1st Bristol NY Open Tournament"]
[Site "Bristol Bridge & Clifton Chess"]
[Date "2024.12.28"]
[Round "3.22"]
[White "Hawkins, Robert"]
[Black "Marston, Alastair Jd"]
[Result "1/2-1/2"]
[WhiteElo "1512"]
[BlackElo "1756"]
[PlyCount "53"]
[GameId "2137925756131429"]
[EventDate "2024.12.27"]
[SourceTitle "Bristol_NY24_Fide_Open"]
[Source "David Tipper"]
[SourceDate "2025.02.16"]
[SourceVersion "1"]
[SourceVersionDate "2025.02.16"]
[SourceQuality "2"]

1. d4 Nf6 2. Nf3 c5 3. e3 d5 4. c3 cxd4 5. exd4 Nc6 6. Bd3 Bg4 7. Nbd2 Qc7 8. h3 Bh5 9. O-O e6 10. Re1 Bd6 11. Qc2 Bg6 12. a3 Bxd3 13. Qxd3 O-O 14. b4 b6 15. Bb2 Rac8 16. Rac1 Bf4 17. Rc2 e5 18. dxe5 Nxe5 19. Nxe5 Bxe5 20. Nf3 Rfe8 21. Nxe5 Rxe5 22. Rxe5 Qxe5 23. Re2 Qc7 24. f3 Kf8 25. Qf5 Qc4 26. Qe5 Qc7 27. Kf2 1/2-1/2

[Event "1st Bristol NY Open Tournament"]
[Site "Bristol Bridge & Clifton Chess"]
[Date "2024.12.28"]
[Round "3.23"]
[White "Bain, Oli"]
[Black "Taylor, Noah"]
[Result "1-0"]
[WhiteElo "1696"]
[BlackElo "1498"]
[PlyCount "37"]
[GameId "2137926489344115"]
[EventDate "2024.12.27"]
[SourceTitle "Bristol_NY24_Fide_Open"]
[Source "David Tipper"]
[SourceDate "2025.02.16"]
[SourceVersion "1"]
[SourceVersionDate "2025.02.16"]
[SourceQuality "2"]

1. d4 Nf6 2. Nc3 d5 3. Bf4 e6 4. Nb5 Na6 5. e3 c6 6. Nc3 Nc7 7. Nf3 Bd6 8. Ne5 O-O 9. Qf3 c5 10. dxc5 Bxc5 11. Bd3 d4 12. O-O-O dxc3 13. Bxh7+ Nxh7 14. Rxd8 cxb2+ 15. Kxb2 Rxd8 16. Qg3 Nd5 17. Bh6 g6 18. Nxg6 f5 19. Ne5+ 1-0

[Event "1st Bristol NY Open Tournament"]
[Site "Bristol Bridge & Clifton Chess"]
[Date "2024.12.28"]
[Round "3.24"]
[White "Williams, Stephen"]
[Black "Patel, Diah"]
[Result "1-0"]
[WhiteElo "1682"]
[BlackElo "1436"]
[PlyCount "65"]
[GameId "2137927074297996"]
[EventDate "2024.12.27"]
[SourceTitle "Bristol_NY24_Fide_Open"]
[Source "David Tipper"]
[SourceDate "2025.02.16"]
[SourceVersion "1"]
[SourceVersionDate "2025.02.16"]
[SourceQuality "2"]

1. e4 c6 2. d4 d5 3. exd5 cxd5 4. Bd3 Nf6 5. c3 Bg4 6. Qb3 b6 7. h3 Bh5 8. Bf4 Nbd7 9. Nd2 e6 10. Ngf3 Be7 11. O-O O-O 12. Rfe1 Bg6 13. Qc2 Nh5 14. Bh2 Bg5 15. Nxg5 Qxg5 16. Nf3 Qf6 17. Bxg6 fxg6 18. Qe2 Rae8 19. Qb5 Qe7 20. Re3 Rf6 21. Rae1 Qf7 22. Ng5 Qe7 23. Nxe6 a6 24. Qxd5 Rf5 25. Qd6 Qh4 26. g3 Qf6 27. Qxd7 Rb8 28. R1e2 Rf3 29. g4 Nf4 30. Bxf4 Rxe3 31. Rxe3 h5 32. g5 Qf5 33. Qxg7# 1-0

[Event "1st Bristol NY Open Tournament"]
[Site "Bristol Bridge & Clifton Chess"]
[Date "2024.12.28"]
[Round "3.25"]
[White "Jennings, Michael"]
[Black "Sharp, Nigel"]
[Result "0-1"]
[WhiteElo "1441"]
[BlackElo "1681"]
[PlyCount "60"]
[GameId "2137928401463513"]
[EventDate "2024.12.27"]
[SourceTitle "Bristol_NY24_Fide_Open"]
[Source "David Tipper"]
[SourceDate "2025.02.16"]
[SourceVersion "1"]
[SourceVersionDate "2025.02.16"]
[SourceQuality "2"]

1. e4 e6 2. d4 d5 3. Nd2 c5 4. c3 Nc6 5. Ngf3 Bd7 6. Be2 Qb6 7. Qb3 Qxb3 8. Nxb3 dxe4 9. Ne5 cxd4 10. cxd4 Bb4+ 11. Kf1 Rd8 12. Nxd7 Rxd7 13. Be3 Nf6 14. Rd1 O-O 15. g3 Rfd8 16. Kg2 Nd5 17. Bd2 Bxd2 18. Rxd2 e3 19. fxe3 Nxe3+ 20. Kf2 Nf5 21. Rhd1 Nfxd4 22. Bb5 Rd5 23. Bxc6 Nxc6 24. Ke1 Rxd2 25. Nxd2 Rd5 26. Rc1 h5 27. Nb3 Kf8 28. Rc4 Ne5 29. Rc8+ Ke7 30. Nc5 Rxc5 0-1

[Event "1st Bristol NY Open Tournament"]
[Site "Bristol Bridge & Clifton Chess"]
[Date "2024.12.28"]
[Round "3.26"]
[White "Hu, Hector"]
[Black "Murdoch, Stephen"]
[Result "0-1"]
[WhiteElo "1405"]
[BlackElo "1653"]
[PlyCount "58"]
[GameId "2137929474812135"]
[EventDate "2024.12.27"]
[SourceTitle "Bristol_NY24_Fide_Open"]
[Source "David Tipper"]
[SourceDate "2025.02.16"]
[SourceVersion "1"]
[SourceVersionDate "2025.02.16"]
[SourceQuality "2"]

1. d4 d5 2. Nf3 Nf6 3. Bf4 e6 4. e3 Bd6 5. Bg3 O-O 6. Bd3 b6 7. Nbd2 Ba6 8. c4 c5 9. Qc2 h6 10. O-O Nc6 11. a3 Rc8 12. cxd5 Bxd3 13. Qxd3 exd5 14. Rac1 c4 15. Qb1 b5 16. Qa2 a5 17. b3 a4 18. bxc4 bxc4 19. Qc2 Re8 20. Qxa4 g5 21. Rfd1 Re7 22. Ne5 Nxe5 23. dxe5 Bxe5 24. Bxe5 Rxe5 25. f4 gxf4 26. exf4 Qb6+ 27. Kh1 Re2 28. Nf1 Qf2 29. Ne3 Qxe3 0-1

[Event "1st Bristol NY Open Tournament"]
[Site "Bristol Bridge & Clifton Chess"]
[Date "2024.12.28"]
[Round "3.28"]
[White "Fearnhead, Joseph T"]
[Black "Bourne, Patrick"]
[Result "0-1"]
[WhiteElo "1579"]
[BlackElo "1365"]
[PlyCount "102"]
[GameId "2137932530522659"]
[EventDate "2024.12.27"]
[SourceTitle "Bristol_NY24_Fide_Open"]
[Source "David Tipper"]
[SourceDate "2025.02.16"]
[SourceVersion "1"]
[SourceVersionDate "2025.02.16"]
[SourceQuality "2"]

1. d4 d5 2. Nc3 e6 3. Bf4 Nf6 4. Nb5 Na6 5. e3 c6 6. Nc3 Qb6 7. a3 Be7 8. b4 Bd7 9. Bd3 O-O 10. Nf3 Qd8 11. Bxa6 bxa6 12. Ne5 a5 13. O-O axb4 14. axb4 Bxb4 15. Na2 Be7 16. c4 dxc4 17. Qc2 c5 18. Nxd7 Qxd7 19. dxc5 Bxc5 20. Qxc4 Bb6 21. Rfd1 Qc8 22. Qb3 Rd8 23. Rdc1 Qd7 24. Nb4 Nd5 25. Rd1 Qb5 26. Rdb1 Nxf4 27. exf4 Qe2 28. Qg3 Rd2 29. Rf1 g6 30. h4 h5 31. Rae1 Qc4 32. Qf3 Rad8 33. Nc6 R8d6 34. Rc1 Qd3 35. Ne7+ Kg7 36. Qa8 Qe2 37. Qg8+ Kf6 38. Kh2 Rd8 39. Qh7 Kxe7 40. Qh6 Qg4 41. Qg5+ Qxg5 42. hxg5 Rxf2 43. Rxf2 Bxf2 44. Rc7+ Rd7 45. Rc2 Be3 46. Rc4 a5 47. Ra4 Bd2 48. Kg1 Bb4 49. g3 Rd3 50. Ra2 Rxg3+ 51. Kh2 Rf3 0-1

[Event "1st Bristol NY Open Tournament"]
[Site "Bristol Bridge & Clifton Chess"]
[Date "2024.12.28"]
[Round "3.29"]
[White "George, Naveen Daniel"]
[Black "Farms, Edward"]
[Result "1-0"]
[WhiteElo "1483"]
[BlackElo "1549"]
[PlyCount "29"]
[GameId "2137931926313493"]
[EventDate "2024.12.27"]
[SourceTitle "Bristol_NY24_Fide_Open"]
[Source "David Tipper"]
[SourceDate "2025.02.16"]
[SourceVersion "1"]
[SourceVersionDate "2025.02.16"]
[SourceQuality "2"]

1. e4 c5 2. Nf3 d6 3. d4 Nf6 4. Nc3 cxd4 5. Nxd4 g6 6. f3 Bg7 7. Be3 Qb6 8. Qd2 Nfd7 9. Ne6 Bxc3 10. Qxc3 Qxe3+ 11. Qxe3 fxe6 12. Bc4 Nb6 13. Bb3 Nc6 14. a4 Na5 15. Qc3 1-0

[Event "1st Bristol NY Open Tournament"]
[Site "Bristol Bridge & Clifton Chess"]
[Date "2024.12.28"]
[Round "3.30"]
[White "Burton, Henry"]
[Black "Zheng, Lucas"]
[Result "1/2-1/2"]
[WhiteElo "1194"]
[BlackElo "1502"]
[PlyCount "132"]
[GameId "2137934722144817"]
[EventDate "2024.12.27"]
[SourceTitle "Bristol_NY24_Fide_Open"]
[Source "David Tipper"]
[SourceDate "2025.02.16"]
[SourceVersion "1"]
[SourceVersionDate "2025.02.16"]
[SourceQuality "2"]

1. d4 Nf6 2. c4 e6 3. Nc3 Bb4 4. Qb3 Bxc3+ 5. Qxc3 b6 6. Nf3 Bb7 7. Bg5 d6 8. Qb3 Nbd7 9. e3 h6 10. Bh4 O-O 11. Be2 c5 12. O-O Qc7 13. Bg3 Nh5 14. Nd2 Nxg3 15. fxg3 Qc6 16. Bf3 d5 17. cxd5 exd5 18. Rac1 Qe6 19. Rfe1 Rfe8 20. dxc5 Nxc5 21. Rxc5 bxc5 22. Qxb7 d4 23. e4 Qxa2 24. Rf1 Rab8 25. Qd7 Rf8 26. e5 Qxb2 27. Nc4 Qb3 28. Bd5 Rbd8 29. Bxf7+ Kh8 30. Qe6 Qb7 31. Rf6 Qb1+ 32. Kf2 Qc2+ 33. Kg1 Qc1+ 34. Rf1 Qg5 35. h4 Qxg3 36. Nd6 Qe3+ 37. Kh2 Qe2 38. Rf3 Qb2 39. Qe7 Qb6 40. Rf6 Qb1 41. Bg6 Qb8 42. Nf7+ Rxf7 43. Rxf7 Re8 44. Qxc5 Kg8 45. Qxa7 Qxe5+ 46. Kg1 Qe1+ 47. Rf1 Qe3+ 48. Kh1 Qe7 49. Qxe7 Rxe7 50. Rf4 Rd7 51. Re4 Rd8 52. Kg1 d3 53. Re1 d2 54. Rd1 Kf8 55. Kf2 Ke7 56. Ke2 Kf6 57. Bd3 Rd4 58. Kxd2 Rxh4 59. Rf1+ Ke7 60. Rf3 Rh2 61. Rg3 Kf6 62. Ke3 g5 63. Kf3 h5 64. Bc2 Rh4 65. Kf2 Rf4+ 66. Rf3 h4 1/2-1/2

[Event "1st Bristol NY Open Tournament"]
[Site "Bristol Bridge & Clifton Chess"]
[Date "2024.12.29"]
[Round "4.1"]
[White "Baer, Bruce L"]
[Black "Hill, Andy"]
[Result "0-1"]
[WhiteElo "1959"]
[BlackElo "1965"]
[PlyCount "80"]
[GameId "2137931300706701"]
[EventDate "2024.12.27"]
[SourceTitle "Bristol_NY24_Fide_Open"]
[Source "David Tipper"]
[SourceDate "2025.02.16"]
[SourceVersion "1"]
[SourceVersionDate "2025.02.16"]
[SourceQuality "2"]

1. Nf3 Nf6 2. g3 g6 3. Bg2 Bg7 4. d3 d5 5. O-O O-O 6. Nbd2 c5 7. e4 e6 8. Re1 Nc6 9. c3 Qc7 10. Nb3 b6 11. Bf4 Qd7 12. e5 Ne8 13. d4 cxd4 14. Nbxd4 Na5 15. h4 Nc7 16. h5 Ba6 17. hxg6 hxg6 18. Ng5 Rfc8 19. Bh3 Nc6 20. Kg2 Nxd4 21. cxd4 Qb5 22. Qf3 Qe8 23. a4 b5 24. axb5 Bxb5 25. Bg4 Na6 26. Rh1 Nb4 27. Rh7 Bd3 28. Rxg7+ Kxg7 29. Bd2 Qe7 30. Bxb4 Qxg5 31. Qxd3 Qxg4 32. Qf3 Qxf3+ 33. Kxf3 Rc7 34. Ra6 Rb7 35. Bc3 Rb6 36. Ra1 a6 37. Bd2 f6 38. Rc1 fxe5 39. Rc7+ Kf6 40. dxe5+ Kxe5 0-1

[Event "1st Bristol NY Open Tournament"]
[Site "Bristol Bridge & Clifton Chess"]
[Date "2024.12.29"]
[Round "4.2"]
[White "Stubbs, Oliver"]
[Black "Pugh, Derek C"]
[Result "1-0"]
[WhiteElo "2173"]
[BlackElo "2033"]
[PlyCount "53"]
[GameId "2137985603525414"]
[EventDate "2024.12.27"]
[SourceTitle "Bristol_NY24_Fide_Open"]
[Source "David Tipper"]
[SourceDate "2025.02.16"]
[SourceVersion "1"]
[SourceVersionDate "2025.02.16"]
[SourceQuality "2"]

{[%evp 0,47,11,23,49,-30,31,19,35,27,56,41,30,44,46,43,50,63,58,72,87,65,65,80,74,75,73,89,181,159,220,100,228,227,217,222,234,52,192,201,123,248,283,323,355,324,435,336,191,271]} 1. d4 Nc6 2. Nf3 d5 3. c4 Bg4 4. cxd5 Bxf3 5. gxf3 Qxd5 6. e3 e5 7. Nc3 Bb4 8. Bd2 Bxc3 9. bxc3 Qd6 10. Rb1 b6 11. f4 exf4 12. e4 Nge7 13. Qf3 O-O-O 14. Bxf4 Qe6 15. Bg2 Qxa2 16. O-O f6 17. Ra1 Qf7 18. d5 Na5 19. c4 Ng6 20. Bg3 Rhe8 21. c5 Ne5 22. Qc3 g5 23. Rfc1 h5 24. c6 Rd6 25. Rxa5 bxa5 26. Qb2 Kd8 27. Qb8+ 1-0

[Event "1st Bristol NY Open Tournament"]
[Site "Bristol Bridge & Clifton Chess"]
[Date "2024.12.29"]
[Round "4.3"]
[White "Dilleigh, Stephen P"]
[Black "Beaumont, Chris R"]
[Result "0-1"]
[WhiteElo "2040"]
[BlackElo "2161"]
[PlyCount "44"]
[GameId "2137987128741062"]
[EventDate "2024.12.27"]
[SourceTitle "Bristol_NY24_Fide_Open"]
[Source "David Tipper"]
[SourceDate "2025.02.16"]
[SourceVersion "1"]
[SourceVersionDate "2025.02.16"]
[SourceQuality "2"]

{[%evp 0,44,11,22,25,12,31,23,44,19,38,34,31,33,32,25,40,43,29,21,11,-12,-11,19,20,-66,-11,9,9,-30,-23,-4,18,-19,35,-161,-188,-280,-307,-300,-300,-314,-326,-324,-336,-331,-348]} 1. Nf3 Nf6 2. c4 g6 3. Nc3 Bg7 4. e4 d6 5. d4 O-O 6. Be2 e5 7. Be3 exd4 8. Nxd4 Re8 9. f3 c6 10. Bf2 d5 11. exd5 cxd5 12. O-O Nc6 13. c5 Bf8 14. Nxc6 bxc6 15. b4 Rb8 16. Rb1 Nh5 17. f4 Nxf4 18. Bg3 Nxe2+ 19. Nxe2 Bg4 20. Rf2 Rxe2 21. Rxe2 Bxe2 22. Qxe2 Rxb4 0-1

[Event "1st Bristol NY Open Tournament"]
[Site "Bristol Bridge & Clifton Chess"]
[Date "2024.12.29"]
[Round "4.4"]
[White "Guilfoyle, John M"]
[Black "Ashworth, Michael J"]
[Result "0-1"]
[WhiteElo "1983"]
[BlackElo "2011"]
[PlyCount "78"]
[GameId "2137988002303282"]
[EventDate "2024.12.27"]
[SourceTitle "Bristol_NY24_Fide_Open"]
[Source "David Tipper"]
[SourceDate "2025.02.16"]
[SourceVersion "1"]
[SourceVersionDate "2025.02.16"]
[SourceQuality "2"]

1. d4 Nf6 2. c4 e6 3. Nc3 Bb4 4. e3 O-O 5. Bd3 d5 6. Nf3 dxc4 7. Bxc4 c5 8. O-O Nc6 9. a3 Bxc3 10. bxc3 Qc7 11. Qe2 e5 12. dxe5 Nxe5 13. Nxe5 Qxe5 14. f3 Be6 15. Bxe6 Qxe6 16. c4 Rfe8 17. e4 Nd7 18. Bb2 Rad8 19. Rfd1 Nb6 20. Rxd8 Rxd8 21. Rc1 Qd6 22. Bc3 Qd3 23. Qxd3 Rxd3 24. Bb2 Na4 25. Rc2 Nxb2 26. Rxb2 b6 27. Kf2 Rxa3 28. Rd2 Kf8 29. Rd7 Ra4 30. g4 Rxc4 31. Rxa7 Rc2+ 32. Kg3 b5 33. Kf4 b4 34. Ra8+ Ke7 35. Ra7+ Ke6 36. Ra6+ Kd7 37. Ra7+ Kc6 38. Rxf7 b3 39. Rf8 Rc4 0-1

[Event "1st Bristol NY Open Tournament"]
[Site "Bristol Bridge & Clifton Chess"]
[Date "2024.12.29"]
[Round "4.5"]
[White "Arkell, Keith C"]
[Black "Meek, Stephen J"]
[Result "1-0"]
[WhiteElo "2355"]
[BlackElo "1962"]
[PlyCount "109"]
[GameId "2137989238308197"]
[EventDate "2024.12.27"]
[SourceTitle "Bristol_NY24_Fide_Open"]
[Source "David Tipper"]
[SourceDate "2025.02.16"]
[SourceVersion "1"]
[SourceVersionDate "2025.02.16"]
[SourceQuality "2"]

1. d4 Nf6 2. Nf3 g6 3. c4 Bg7 4. g3 O-O 5. Bg2 d6 6. Nc3 Nc6 7. O-O Bf5 8. b3 Ne4 9. Nd5 Nf6 10. Nxf6+ Bxf6 11. Bh6 Re8 12. d5 Na5 13. Nd4 Bd7 14. Rc1 c5 15. dxc6 Nxc6 16. Nb5 a6 17. Nc3 Rb8 18. Qd2 Qa5 19. Nd5 Qxd2 20. Bxd2 Bg7 21. Nb6 Bg4 22. Rfe1 Bd4 23. Nd5 Rec8 24. h3 Be6 25. Red1 Bf5 26. g4 Be6 27. b4 Bg7 28. b5 axb5 29. cxb5 Bxd5 30. Bxd5 Nd4 31. Rxc8+ Rxc8 32. a4 b6 33. e3 Ne2+ 34. Kg2 Nc3 35. Rc1 Rc5 36. Bb3 d5 37. Rc2 e6 38. Bc1 Ne4 39. f3 Rxc2+ 40. Bxc2 Nc5 41. Bd2 Bf8 42. a5 bxa5 43. Bxa5 Nb7 44. Bc7 f5 45. e4 dxe4 46. fxe4 fxg4 47. hxg4 Kf7 48. e5 Nc5 49. b6 Ke8 50. Ba4+ Kf7 51. Bc6 h5 52. Kg3 hxg4 53. Kxg4 Na6 54. b7 Bc5 55. Bb5 1-0